000 00607nam a2200181Ia 4500
005 20260429112040.0
008 260429s9999||||xx |||||||||||||| ||und||
020 _a9788119680467
041 _aHindi
082 _a891.4309
_bSIN
100 _aसिंह, सुधा
245 0 _aहिंदी का आरंभिक स्त्री-चिंतन /
_cसुधा सिंह
250 _a1st ed.
260 _aदिल्ली :
_bएकैडमिक पब्लिकेशन,
_c2024.
300 _a269 p.; Hb
650 _aहिंदी साहित्य
942 _cTB
999 _c52082
_d52082